00863aam a2200133 a 4500020002200000040000800022082002700030100002400057245003000081260004000111300004500151520051900196650001400715 a0697165744 (pbk.) cDLC a540 WM.C 1997 A028 Or.1 aGebelein, Charles G10aChemistry and our world / aDubuque, IA :bWm. C. Brown,cc1997 axvi, 609 p. :bill. (some col.) ;c28 cm a[The book] strives to teach students that chemistry is relevant and interesting to us as individuals and to our understanding of the changing world around us. Chemistry can indeed be presented in a relevant fashion to those students for whom this may be their only science course. To that end, [the book] is sculpted to meet the needs of this specific group of students. The more matheamtical and theoretical aspects of chemistry are de-emphasized, and the more practical, or applied aspects are accentuated. -Pref 0aChemistry